Vienne - Choix multiples - Statistiques

Statistiques générales
  • Ce quiz a été pris 114 fois
  • Le résultat moyen est 8 sur 10
Statistiques - réponses
Question Réponse % Correct
Quel grand fleuve européen arrose Vienne ? Le Danube
95%
De quel style de danse le compositeur Johann Strauss II est-il considéré comme étant le roi ? La valse
92%
Lors du siège de Vienne en 1683, quel pays aurait, selon la légende, laissé derrière lui des grains de café à l’origine de la tradition viennoise et servi d'inspiration à la forme des croissants ? L'Empire ottoman
82%
Que se passa-t-il au Congrès de Vienne, en 1815 ? Les frontières de l'Europe furent redessinées.
82%
Quel palais fut la résidence d'été de la famille Habsbourg ? Schönbrunn
81%
Lequel de ces tableaux peut-on admirer au musée du Belvédère ?
80%
Quelle autre capitale est située à seulement une cinquantaine de kilomètres de Vienne ? Bratislava
80%
Que vous apprêtez-vous à manger si vous avez commandé un wienerschnitzel ? Une escalope de veau panée
80%
Quel jour un concert est-il donné chaque année au Musikverein et retransmis à la télévision dans le monde entier ? Le 1er janvier, pour le Nouvel An
66%
Laquelle de ces personnalités n'était PAS à Vienne en 1913 ? Elizabeth "Sissi" de Bavière
54%
Aucun quiz correspondant
Distribution des résultats
% des personnes avec chaque résultat
Percentile par nombre de réponses
Votre historique - résultats
Vous n’avez pas pris ce quiz